000 00295nam a2200157Ia 4500
100 _aNone
250 _a2
942 _cBK
654 _aComputer
245 _aMost Popular Websites
260 _bTechmedia
_c1997
082 _a4.65
300 _a1071
546 _aENGLISH
999 _c19102
_d19102